Normal view
MARC view
- Khan, Khansa Almas
Entry Personal Name
001 - CONTROL NUMBER
- control field: 125712
003 - CONTROL NUMBER IDENTIFIER
- control field: NUST
005 - DATE AND TIME OF LATEST TRANSACTION
- control field: 20240909100836.0
008 - FIXED-LENGTH DATA ELEMENTS
- fixed length control field: 240909|| aca||aabn | a|a d
040 ## - CATALOGING SOURCE
- Original cataloging agency: NUST
- Transcribing agency: NUST
100 ## - HEADING--PERSONAL NAME
- Personal name: Khan, Khansa Almas
670 ## - SOURCE DATA FOUND
- Source citation: Work cat.: (NUST): Khan, Khansa Almas, Higher Education Vision of Pakistan 2047/
